| 000 | 00436nam a2200181Ia 4500 | ||
|---|---|---|---|
| 001 | 23655 | ||
| 005 | 20260414150952.0 | ||
| 008 | 260414t2008||||xx |||||||||||||| ||spa|| | ||
| 041 | _aESP | ||
| 082 |
_a686 _bR47 |
||
| 100 |
_aReyes Coria, Bulmaro _eAUT |
||
| 245 | 0 |
_aMetalibro : _bManual del libro en la imprenta |
|
| 260 | _c2008 | ||
| 300 |
_a134páginas : _c\N |
||
| 650 | _aTCA | ||
| 654 | _aCII | ||
| 942 |
_cLIB _dJUS _fJUS _2ddc _n |
||
| 999 |
_c23655 _d23655 |
||